00493nam a2200145Ia 4500008004100000041000800041082001200049100001900061245004500080260004500125300003100170365001100201999001700212952011800229240624s9999 xx 000 0 und d aeng a828 BRO aBROWN JUDITH M aWINDOWS INTO THE PAST LIFE HISTORIES AND c2011aNew DelhibOxford University Press axii, : 118 : p. : cm. ; 24 cRSb31 c19684d19684 00104070aIMTNbIMTNcRack 42-Ad2012-09-27eAPg295.00o828 BROp19684r2024-06-24 00:00:00t1w2024-06-24yBK